<?xml version="1.0" encoding="UTF-8"?>
<record
    xmlns:xsi="http://www.w3.org/2001/XMLSchema-instance"
    xsi:schemaLocation="http://www.loc.gov/MARC21/slim http://www.loc.gov/standards/marcxml/schema/MARC21slim.xsd"
    xmlns="http://www.loc.gov/MARC21/slim">

  <leader>00990nam a2200229 a 4500</leader>
  <controlfield tag="001">BRCA_8820</controlfield>
  <controlfield tag="005">20190320210426.0</controlfield>
  <controlfield tag="008">260417s1750----sp-#######---#000-0#spa-#</controlfield>
  <datafield tag="041" ind1=" " ind2=" ">
    <subfield code="a">spa</subfield>
  </datafield>
  <datafield tag="044" ind1=" " ind2=" ">
    <subfield code="a">sp</subfield>
  </datafield>
  <datafield tag="084" ind1=" " ind2=" ">
    <subfield code="a">BE201</subfield>
    <subfield code="b">.C38 1750</subfield>
  </datafield>
  <datafield tag="100" ind1="1" ind2=" ">
    <subfield code="a">Causino, Nicolas</subfield>
    <subfield code="d">1538 - 1651</subfield>
    <subfield code="9">21981</subfield>
  </datafield>
  <datafield tag="245" ind1="1" ind2="0">
    <subfield code="a">La corte santa</subfield>
    <subfield code="c">escrita en franc&#xE9;s por el Rmo. P. Nicolas Causino...; traducida en castellano por D. Pedro Gonzalez de Godoy; tomo quince, en que se trata el reyno de Dios, o disertaciones sobre los libros de los Reyes.</subfield>
  </datafield>
  <datafield tag="260" ind1=" " ind2=" ">
    <subfield code="a">Madrid</subfield>
    <subfield code="b">En la Imprenta de Antonio Perez de Soto, calle de la Abada</subfield>
    <subfield code="c">1750</subfield>
  </datafield>
  <datafield tag="300" ind1=" " ind2=" ">
    <subfield code="a">[4], 406 p. (t.15)</subfield>
    <subfield code="c">15.2 x 10 cm.</subfield>
  </datafield>
  <datafield tag="500" ind1=" " ind2=" ">
    <subfield code="a">Con las aprobaciones, y licencias necesarias</subfield>
  </datafield>
  <datafield tag="500" ind1=" " ind2=" ">
    <subfield code="a">Estado f&#xED;sico: presenta encuadernaci&#xF3;n en pergamino, con cintas rotas y lomo semi desprendido</subfield>
  </datafield>
  <datafield tag="650" ind1="1" ind2="4">
    <subfield code="a">Vida cristiana</subfield>
    <subfield code="y">Obras anteriores a 1800</subfield>
    <subfield code="9">21266</subfield>
  </datafield>
  <datafield tag="700" ind1="1" ind2=" ">
    <subfield code="a">Gonzalez de Godoy, Pedro</subfield>
    <subfield code="e">tr.</subfield>
    <subfield code="9">21982</subfield>
  </datafield>
  <datafield tag="902" ind1=" " ind2=" ">
    <subfield code="a">CFM</subfield>
  </datafield>
  <datafield tag="942" ind1=" " ind2=" ">
    <subfield code="2">lcc</subfield>
    <subfield code="c">B</subfield>
  </datafield>
  <datafield tag="999" ind1=" " ind2=" ">
    <subfield code="c">8471</subfield>
    <subfield code="d">8471</subfield>
  </datafield>
  <datafield tag="952" ind1=" " ind2=" ">
    <subfield code="0">0</subfield>
    <subfield code="1">0</subfield>
    <subfield code="4">0</subfield>
    <subfield code="7">0</subfield>
    <subfield code="a">BRCA</subfield>
    <subfield code="b">BRCA</subfield>
    <subfield code="d">2017-04-26</subfield>
    <subfield code="l">0</subfield>
    <subfield code="o">BE201 .C38 1750</subfield>
    <subfield code="p">CFM00147</subfield>
    <subfield code="r">2019-03-22 00:00:00</subfield>
    <subfield code="w">2019-03-22</subfield>
    <subfield code="y">B</subfield>
  </datafield>
</record>
